书目信息 |
| 题名: |
城市燃气安全工程
|
|
| 作者: | 高文学 主编 | |
| 分册: | ||
| 出版信息: | 北京 中国建筑工业出版社 2024.12 |
|
| 页数: | 560页 | |
| 开本: | 26cm | |
| 丛书名: | 城市安全出版工程 | |
| 单 册: | ||
| 中图分类: | TU996.9 | |
| 科图分类: | ||
| 主题词: | 城市燃气--cheng shi ran qi--安全管理 | |
| 电子资源: | ||
| ISBN: | 978-7-112-30526-1 | |
| 000 | 01594nam 2200289 450 | |
| 001 | 90704 | |
| 005 | 20250816091530.30 | |
| 010 | @a978-7-112-30526-1@dCNY128.00 | |
| 100 | @a20241206d2024 em y0chiy50 ea | |
| 101 | 0 | @achi |
| 102 | @aCN@b110000 | |
| 105 | @aa a 000yy | |
| 106 | @ar | |
| 200 | 1 | @a城市燃气安全工程@Acheng shi ran qi an quan gong cheng@d= Urban gas safety engineering@f高文学主编@zeng |
| 210 | @a北京@c中国建筑工业出版社@d2024.12 | |
| 215 | @a560页@c图@d26cm | |
| 225 | 2 | @a城市安全出版工程@Acheng shi an quan chu ban gong cheng@i城市基础设施生命线安全工程丛书 |
| 300 | @a“十四五”国家重点出版物出版规划项目 | |
| 320 | @a有书目 | |
| 330 | @a本书包括15章, 分别是: 城市燃气安全工程概述、城市燃气质量与输配设施、燃气泄漏扩散与燃爆、城市燃气设施风险辨识与评估方法、城市燃气设施安全风险因素与指标、城市燃气风险管控、燃气系统物联网与智能感知技术、城市燃气泄漏监测检测、城市燃气设施检验检测、城市燃气管网运行模拟与安全防控系统、城市燃气生命线安全运行技术平台、城市燃气系统安全运行、城市燃气突发事件应急处置、城市燃气安全应急保障体系、城市燃气安全法规与制度。本书系统地梳理和全面总结了城市燃气安全领域的最新研究成果和实践经验, 充分展了现我国在城市燃气基础设施建设、运营、管理过程中安全保障的最新技术和创新成果, 突出技术的科学性、实用性、可靠性和经济性。 | |
| 410 | 0 | @12001 @a城市安全出版工程@i城市基础设施生命线安全工程丛书 |
| 510 | 1 | @aUrban gas safety engineering@zeng |
| 606 | 0 | @a城市燃气@Acheng shi ran qi@x安全管理 |
| 690 | @aTU996.9@v5 | |
| 701 | 0 | @a高文学@Agao wen xue@4主编 |
| 801 | 0 | @aCN@c20250909 |
| 905 | @a河南城建学院图书馆@dTU996.9@eG180@f1 | |
| 城市燃气安全工程= Urban gas safety engineering/高文学主编.-北京:中国建筑工业出版社,2024.12 |
| 560页:图;26cm.-(城市安全出版工程.城市基础设施生命线安全工程丛书) |
| “十四五”国家重点出版物出版规划项目 |
| ISBN 978-7-112-30526-1:CNY128.00 |
| 本书包括15章, 分别是: 城市燃气安全工程概述、城市燃气质量与输配设施、燃气泄漏扩散与燃爆、城市燃气设施风险辨识与评估方法、城市燃气设施安全风险因素与指标、城市燃气风险管控、燃气系统物联网与智能感知技术、城市燃气泄漏监测检测、城市燃气设施检验检测、城市燃气管网运行模拟与安全防控系统、城市燃气生命线安全运行技术平台、城市燃气系统安全运行、城市燃气突发事件应急处置、城市燃气安全应急保障体系、城市燃气安全法规与制度。本书系统地梳理和全面总结了城市燃气安全领域的最新研究成果和实践经验, 充分展了现我国在城市燃气基础设施建设、运营、管理过程中安全保障的最新技术和创新成果, 突出技术的科学性、实用性、可靠性和经济性。 |
| ● |
| 相关链接 |
|
|
|
正题名:城市燃气安全工程
索取号:TU996.9/G180
 
预约/预借
| 序号 | 登录号 | 条形码 | 馆藏地/架位号 | 状态 | 备注 |
| 1 | 1624666 | 216246667 | 建筑库201/201建筑库 138排1列4层/ [索取号:TU996.9/G180] | 在馆 |